OPAC Home

නාඩිඥාන තරංගිණී (Record no. 99357)

MARC details
000 -LEADER
fixed length control field 00489nam a2200193Ia 4500
003 - CONTROL NUMBER IDENTIFIER
control field LK-CoDNM
005 - DATE AND TIME OF LATEST TRANSACTION
control field 20240129150250.0
008 - FIXED-LENGTH DATA ELEMENTS--GENERAL INFORMATION
fixed length control field 010623t1939 xxu||||| |||| 00| 1 sin d
040 ## - CATALOGING SOURCE
Original cataloging agency LK-CoDNM
Modifying agency LK-CoDNM
Description conventions LK-CoDNM
041 ## - LANGUAGE CODE
Language code of text/sound track or separate title Sinhala; Sinhalese
080 ## - UNIVERSAL DECIMAL CLASSIFICATION NUMBER
Universal Decimal Classification number 104
Item number N 21
942 ## - ADDED ENTRY ELEMENTS (KOHA)
Koha item type Books
100 ## - MAIN ENTRY--PERSONAL NAME
Personal name Jayathilaka,J.P
700 ## - ADDED ENTRY--PERSONAL NAME
Personal name Raghunatha
245 ## - TITLE STATEMENT
Title නාඩිඥාන තරංගිණී
246 ## - VARYING FORM OF TITLE
Title proper/short title Nadijana Tarangini
260 ## - PUBLICATION, DISTRIBUTION, ETC. (IMPRINT)
Name of publisher, distributor, etc. Situmina
Place of publication, distribution, etc. Kandy
Date of publication, distribution, etc. 1939
300 ## - PHYSICAL DESCRIPTION
Other physical details 24p., 20 cm
Holdings
Withdrawn status Lost status Damaged status Not for loan Collection code Permanent Location Current Location Shelving location Date acquired Full call number Barcode Koha item type
    Damaged Not For Loan Monographs Library National Museum Colombo - Sri Lanka Library National Museum Colombo - Sri Lanka Reference 2023-08-02 104 N 21 OB1067 Books
Copyright © 2023 Department of National Museum, Colombo 07, Sri Lanka Funded by UNESCO IFAP UNESCO